Tình hình công tác y tế tháng 5 năm 2008 (Từ ngày 21/04/2008 đến 20/5/2008)

Shranjeno v:
Bibliografske podrobnosti
Format: Bài viết
Jezik:Vietnamese
Teme:
Oznake: Označite
Brez oznak, prvi označite!
Thư viện lưu trữ: Thư viện Trường Đại học Đà Lạt
LEADER 00736nam a2200253 4500
001 DLU100110908
005 ##20100820
040 # # |a DLU  |b vie 
041 # # |a vie 
044 # # |a vn 
245 # # |a Tình hình công tác y tế tháng 5 năm 2008 (Từ ngày 21/04/2008 đến 20/5/2008) 
653 # # |a Bệnh dịch 
653 # # |a Bệnh truyền nhiễm 
653 # # |a Phòng chống 
773 # # |t Tạp chí Dược học  |g Số 6(386), 2008, tr. 46-47 
920 # # |a Phòng Tạp chí -- Trung tâm Thông tin - Thư viện Trường Đại học Đà Lạt 
994 # # |a DLU 
900 # # |a True 
911 # # |a Nguyễn Thị Linh Chi 
925 # # |a G 
926 # # |a A 
927 # # |a BB 
980 # # |a Thư viện Trường Đại học Đà Lạt